[Event "Chess Festival - Masters"]
[Site "Prague"]
[Date "2020.02.21"]
[Round "9.3"]
[White "Anton Guijarro, David"]
[Black "Firouzja, Alireza"]
[Result "1/2-1/2"]
[WhiteElo "2697"]
[BlackElo "2726"]
[EventDate "2020.??.??"]
[Annotator "Bojkov,Dejan"]
[PlyCount "109"]
[Beauty "5360924510298"]
[EventType "schev"]
[EventRounds "3"]
[EventCountry "CZE"]

1.c4 Nf6 2.Nf3 g6 3.Nc3 Bg7 4.e4 d6 5.d4 O-O 6.Be2 e5 7.d5 {The Petrosian system which was successfully revived by Vladimir Kramnik.} 7...a5 8.Bg5 h6 9.Bh4 Na6 10.Nd2 Bd7 11.a3 ( {To a sharp battle led:} 11.O-O Qe8 12.b3 Nh7 13.f3 h5 14.a3 Bh6 15.Rb1 Nc5 16.Qc2 f5 17.b4 axb4 18.axb4 Na4 19.Nd1 g5 20.Bf2 g4 {Giri,A (2784)-Ding,L (2732) Wijk aan Zee 2015} ) 11...Qe8 12.g4 {One of the key points behind this positional system. Anton wants to lock the kingside.} 12...a4 13.f3 h5 14.Rg1 hxg4 $146 {A novelty.} ( {An earlier game saw} 14...Nc5 15.Bf2 hxg4 16.fxg4 Nh7 17.g5 Qe7 18.Bxc5 dxc5 19.Nf3 f6 20.gxf6 Rxf6 21.Qd3 Bh6 22.Kd1 Bf4 {Stern,R (2522)-Hansch,K (2231) Berlin 2017} ) ( {A logical option is:} 14...c6 ) 15.fxg4 Nh7 {Firouzja, on his turn, regroups his pieces on the kingside.} 16.Qc2 ( {After:} 16.Bf2 {Black can bring his bishop out with:} 16...Bh6 17.h4 Bf4 ) 16...Nc5 17.O-O-O Bh6 18.g5 $1 {Otherwise the bishop will come in front of the pawns and Black will have good game.} 18...Qe7 {As usual in chess you gain something in return for something else. Black forces the defensive move:} 19.Nf3 {Which clears the queenside knight's road to the center after:} 19...Nb3+ 20.Kb1 Bg7 21.Bf2 Nd4 22.Qd2 {White is happy with the status quo and does not want to open the game yet.} ( {Instead:} 22.Nxd4 exd4 23.Bxd4 Bxd4 24.Rxd4 Nxg5 {would see the black pieces entering the battle.} ) 22...Nxe2 23.Qxe2 f5 {The only chance of counterplay.} ( {After:} 23...f6 24.h4 {White keeps things under control on both wings.} ) 24.Be3 ( {Instead:} 24.gxf6 {would allow the activation of the black queen:} 24...Qxf6 25.Rd3 Qf4 ) ( {However:} 24.Ka1 $5 {in order to move away from the light-squared bishop pin seemed like a good option.} ) 24...fxe4 $1 {In conjunction with Black's next move this is the only way to play the position!} ( {Blocking the kingside would be strategical failure:} 24...f4 25.Bf2 c5 26.h4 b5 27.cxb5 Qe8 28.Nd2 $5 {reveals that Black is clearly weaker on the queenside, and as "compensaiton" he has two of his light pieces permanently locked on the kingside.} ) 25.Nd2 Rf4 $1 {A pet sacrifice of the prominent GM Gligoric. The KID guru clearly understood the value of his dark-squared bishop and was not shy of giving up two pawns for setting it out of his prison cell.} 26.Bxf4 ( {The rook is there to stay. After:} 26.Ndxe4 {Firouzja would have most likely continued with:} 26...Bf5 ) 26...exf4 27.Ndxe4 Re8 {At the price of two pawn Black's pieces entered the game. The bishop capture on c3 is a threat, so Anton carefully consolidates his pieces.} 28.Qf2 Qf7 29.Ka1 Qf5 {Whereas Firouzja uses every move to bring his troops to better positions.} 30.Rde1 Be5 31.h4 Qh3 32.Rh1 Qd3 33.h5 {Correctly opening files for the rooks. The question now is what is more valuable, files or diagonals?} ( {Also interesting was:} 33.c5 {with the idea to meet:} 33...Bf5 $2 {with} 34.cxd6 cxd6 35.Nxd6 ) 33...Bf5 34.hxg6 Bxg6 35.Rh6 ( 35.Qh4 $5 {also looks good, but the text is not spoiling anything.} ) 35...Kf7 36.Qh4 {Anton misses his first winning opportunity.} ( 36.Rxg6 $3 {would have unleashed the power of his instead and won after:} 36...Kxg6 37.Qh4 Nf8 38.Qh6+ Kf7 39.g6+ Nxg6 40.Qh7+ Bg7 41.Ng5+ ) 36...Nf8 37.Qh1 Bg7 38.Rh4 {This obvious attack misses the second winning opportunity.} ( {White should have first removed the queen from her active position with:} 38.Rh3 $1 Qxc4 {Then attack the pawn:} 39.Rf3 {White firmly takes over the initiative and is close to winning after:} 39...Be5 ( {Another point behind the in-between attack is revealed in the line:} 39...Rxe4 40.Rxe4 Bxe4 41.Rxf4+ {and White should win.} ) 40.Nf6 Rb8 41.Qh6 ) 38...Rxe4 $1 {Firouzja seizes his the chance.} 39.Rxe4 Bxc3 $1 {This is the point. Black is happy to part with the second exchange just to open the position of the enemy king.} 40.Rhxf4+ {Now Anton stands on the verge of the defeat.} ( {White should have played instead:} 40.Rexf4+ Kg7 41.Rf3 Bxb2+ 42.Kxb2 Qe2+ {when Black has perpetual, but hardly more.} ) 40...Kg8 41.bxc3 Qxc3+ 42.Ka2 Qb3+ 43.Ka1 Qxa3+ 44.Kb1 {Here too Black has perpetual, but he may also bring on the reserves to try and mate the opponent's king. This is what Firouzja's next move is aimed for.} 44...Nd7 ( {But a more subtle way of executing this idea would have been:} 44...Qb3+ 45.Ka1 Qc3+ 46.Ka2 {And only then:} 46...Nd7 {The difference in the safety of the kings determines the evaluation in Black's favor. For example:} 47.Rh4 Nc5 48.Re3 Nd3 $1 {and Black wins.} ) 45.Kc2 Ne5 {Perhaps here Firouzja noticed a nasty little detail.} ( {The obvious:} 45...Nc5 {which seems completely winning for Black is spectacularly refuted by:} 46.Rf8+ $3 Kxf8 47.Qh8+ Kf7 48.Qf6+ Kg8 49.Qxg6+ {and it is White who delivers mate first.} ) 46.Qh6 Bxe4+ 47.Rxe4 Qa2+ {Black can win the rook anytime his likes, but no longer the game.} ( {Or:} 47...Qd3+ 48.Kc1 Qxe4 49.Qe6+ Kf8 50.Qh6+ $1 {with perpetual as in the game.} ) 48.Kd1 Qb3+ 49.Kc1 Qc3+ 50.Kd1 Qd3+ 51.Kc1 Qxe4 52.Qe6+ Kf8 53.Qh6+ $1 {The key check and this highly entertaining game ends in a draw after:} 53...Ke8 54.Qe6+ Kd8 55.Qg8+ 1/2-1/2

[Event "Chess Festival - Masters"]
[Site "Prague"]
[Date "2020.02.21"]
[Round "10.1"]
[White "Vidit, Santosh Gujrathi"]
[Black "Firouzja, Alireza"]
[Result "0-1"]
[WhiteElo "2721"]
[BlackElo "2726"]
[EventDate "2020.??.??"]
[Annotator "Bojkov,Dejan"]
[PlyCount "94"]
[Beauty "7150852118106"]
[EventType "schev"]
[EventRounds "3"]
[EventCountry "CZE"]

1.d4 Nf6 2.c4 e6 3.Nf3 d5 4.g3 Bb4+ 5.Bd2 Be7 6.Bg2 O-O 7.O-O c6 8.Qc2 Nbd7 9.b3 b6 10.Bc3 Bb7 11.Nbd2 Qc7 ( {In another top-grandmaster game Black tried to solve the problems with the direct central advance:} 11...c5 12.e3 Rc8 13.Qb2 Bd6 14.a4 a5 15.Rad1 Re8 16.dxc5 Nxc5 17.Bxf6 Qxf6 18.Qxf6 gxf6 19.Nd4 Ba6 20.cxd5 Bxf1 21.Kxf1 {which led to an interesting battle in Kamsky,G (2673)-Alekseev,E (2653) Sochi 2015} ) 12.Rfd1 c5 13.Rac1 dxc4 14.Nxc4 b5 $146 {Another energetic novelty by the rising star!} ( {In an earlier game Black lost a pawn after:} 14...Rac8 15.Qb1 Qb8 16.dxc5 Bxc5 17.Nce5 Rfd8 18.Qa1 Ba3 19.Nxd7 Rxd7 $2 ( 19...Nxd7 {was called for.} ) 20.Rxd7 Nxd7 21.Rd1 {Binder,M (1974)-Wu,Y (2107) Marz 2013} ) 15.Ba5 Qb8 16.Nce5 Nxe5 17.dxe5 ( {Black experiences no problems after:} 17.Nxe5 Bxg2 18.Kxg2 Qb7+ ) 17...Nd5 18.Bd2 {Vidit is well aware that the bishop might get locked out of the game.} ( {Say after:} 18.e4 Nb6 19.Bf1 b4 ) 18...h6 $5 {Firouzja anticipates a possible jump of a minor piece on the g5 square and prevents it.} ( {Something normal like:} 18...Qc7 {would have seen White fighting for the initiative with either:} 19.Bg5 ( {Or the even more aggressive:} 19.Ng5 Bxg5 20.Bxg5 Qxe5 21.e4 Qxg5 22.exd5 {with compensation for the pawn.} ) 19...Rfc8 20.Bxe7 Qxe7 21.Nd2 {followed by Nd2-e4-d6.} ) 19.g4 $1 {This might look surprising but Vidit is immediately aiming the hook on h6.} 19...Qe8 ( {White's initiative is serious in case of:} 19...Qc7 20.h4 Rfc8 21.g5 hxg5 22.Bxg5 ) 20.h4 f5 {One of the ways to defend, but not the best one.} ( {It also makes sense to insert the move:} 20...Rc8 $1 {with the main idea:} 21.h5 ( {Or:} 21.g5 h5 {locking the flank.} ) 21...c4 ) 21.exf6 Nxf6 22.g5 ( {Missing a chance to secure some advantage with:} 22.Ne5 $1 Bxg2 23.Kxg2 Bd6 24.Ng6 {White needs not to worry about the exchange sacrifice:} 24...Nxg4 25.Nxf8 Qxf8 26.f3 ) 22...Be4 $1 {An important zwischenzug.} ( {White's threats are serious after:} 22...Ng4 23.gxh6 Nxh6 ( {Perhaps Black's best is:} 23...gxh6 $5 24.Nh2 Qh5 $1 ) 24.Ng5 ( {Or:} 24.Bxh6 gxh6 25.Ne5 {with an edge for White.} ) 24...Bxg5 25.Bxg5 Bxg2 26.Kxg2 {and White is better.} ) 23.Qb2 Ng4 24.Bc3 ( {Now:} 24.gxh6 {is well met by:} 24...gxh6 $1 ) 24...Qg6 {The most natural move.} ( {Although a sharper alternative:} 24...hxg5 25.Bxg7 Rf5 26.Bh8 Nf6 {was possible too.} ) 25.Rd7 ( 25.Bh3 $5 {looked more accurate.} ) 25...Rf7 26.Qd2 hxg5 27.hxg5 {An automatic recapture that puts the white king into danger.} ( {Vidit needed to secure some dark-squares instead with:} 27.Rxe7 $1 Rxe7 28.Nxg5 Bxg2 29.Kxg2 {the extra control will saveguard the king.} ) 27...Qh5 {This gives a second chance to Vidit.} ( {Even better would be:} 27...Bxf3 $1 28.Bxf3 ( 28.exf3 Bxg5 ) 28...Qh5 29.Bxg4 Qxg4+ 30.Kf1 Raf8 31.f3 {wehn Black is clearly on top.} ) 28.Rxe7 $1 {Which the Indian GM does not miss.} 28...Rxe7 29.Qd6 Rf7 30.Qxe6 {The situation is getting as sharp as it can get and on the top of that both players enter the time-trouble zone.} 30...Bf5 31.Qc6 Rc8 32.Qd5 Re8 33.Qc6 ( {Why not just take the pawn? After:} 33.Qxc5 $1 Rxe2 34.Bd4 {White can secure his second rank.} ) 33...Rxe2 {Going for the white king.} 34.Rd1 $1 {Correct! Vidit is trying to checkmate Firouzja's king first.} 34...Rxf2 ( {After:} 34...Rf8 {White has the brilliant:} 35.Rd7 $3 Bxd7 36.Qxd7 {when the only way to avoid the perpetual is:} 36...Qf7 ( 36...Rf7 37.Qd8+ Rf8 38.Qd7 {is repetition.} ) 37.Qxg4 {with highly unbalanced, entertaining position.} ) 35.Rd8+ Kh7 36.Qe8 {Not the most optimal.} ( {Better was to keep the rook in front of the queen. The line:} 36.Qa8 $1 Rxg2+ 37.Kxg2 Ne3+ {looks scary for White, especially after seeing the pin in the line:} 38.Kf2 Nd1+ 39.Rxd1 Bg4 {But it transpires that Black cannot capitalize on it:} 40.Qe4+ g6 {loses to:} 41.Qe5 $1 Rxf3+ 42.Kg1 {as there are no checks!} ) 36...Rxf3 37.Qh8+ Kg6 38.Qxh5+ {Vidit searches for clarity.} ( {White should objectively hold after:} 38.Rd6+ Kxg5 39.Qxh5+ Kxh5 40.Bxf3 Kg5 {thanks to the bishop pair.} ) 38...Kxh5 39.Bxf3 Kxg5 40.Rd5 Kf4 41.Bxg4 ( {More accurate would have been:} 41.Be2 $1 a6 42.Rxc5 ) 41...Kxg4 42.Rxc5 Bd3 43.Bd2 {It should be a draw but with little time, it's tough to meet such an opposite-colored bishop attack.} 43...Kf3 44.Re5 {A step in the wrong direction.} ( {White should survive after:} 44.Rg5 $1 Rd7 45.Rg2 Be4 46.Kh2 ) 44...Be4 45.Rxb5 $2 {Now the king is left alone and} 45...Rd7 46.Bb4 Rd1+ 47.Kh2 Kg4 {Mates it.} 0-1

[Event "E Candidates Tournament"]
[Site "FIDE"]
[Date "2020.03.18"]
[Round "2.1"]
[White "Caruana, Fabiano"]
[Black "Alekseenko, Kirill"]
[Result "1-0"]
[WhiteElo "2842"]
[BlackElo "2698"]
[EventDate "2020.??.??"]
[Annotator "Bojkov,Dejan"]
[PlyCount "67"]
[Beauty "8114287954458"]
[EventType "team-tourn"]
[EventCountry "FID"]

1.d4 Nf6 2.c4 e6 3.Nc3 Bb4 4.f3 {"A sharp line that is also very risky for White. I have never played this before." (Caruana)} 4...d5 5.a3 Be7 6.e4 dxe4 7.fxe4 c5 8.d5 ( {The interesting, double-edged endgame:} 8.e5 Nfd7 9.dxc5 Nxe5 10.Qxd8+ Bxd8 11.Be2 Bd7 12.Nf3 Nxf3+ 13.Bxf3 Bc6 14.Ne4 {happened in Firouzja,A (2723)-Anand,V (2758) Wijk aan Zee 2020 and was annotated for the Chess.com members here.} ) 8...exd5 9.exd5 O-O 10.Be2 Re8 11.Nf3 Bg4 {"An extremely decent plan for Black." (Caruana)} 12.O-O Nbd7 13.d6 $146 {A sharp move and a novelty. White wants to immediately profit from his space advantage.} ( {An earlier game saw} 13.Bg5 h6 14.Bh4 Bd6 15.Qc2 Qb8 16.Kh1 Bh5 17.Nb5 Bf4 {with reasonable play for Black, Lombaers,P (2383)-Schoppen,C (2489) Leiden 2020} ) 13...Bf8 14.h3 Bh5 15.Nb5 Re6 {"This move looked unusual to me as I want to bring my bishop to f4. It's very sharp and concrete so even unusual moves might not be bad." (Caruana)} ( {Instead, the American GM suggested two other possibilities:} 15...Rb8 {which is an obvious and useful move with the idea to meet:} 16.Bf4 a6 17.Nc7 ( {Therefore, in this line White might need to choose instead:} 17.Nc3 {when Black is OK after say:} 17...Ne4 $5 ) 17...Re4 ) ( {Another reasonable option is:} 15...Qb6 {with the idea to sacrifice the exchange:} 16.Nc7 Bxd6 17.Nxa8 Rxa8 {wehn Black gets the bishop pair and a pawn as a compensation.} ) 16.Bf4 ( {Another plausible idea according to White was:} 16.g4 a6 ( {However Caruana was not certain about the consequences of:} 16...Bg6 17.Ng5 Re8 18.Nc7 Rxe2 19.Qxe2 Rc8 ) 17.Ng5 {"Looked good (for White), but it was very messy." (Caruana)} ) 16...a6 ( {To the same would lead:} 16...Re4 17.Bh2 a6 18.Nc7 ) 17.Nc7 Re4 {This was Alekseenko's point. Now the white pieces are hanging, and he may get a chance to go for Re4-d4 after the trade on f3.} 18.Bh2 ( {White correctly refrains of:} 18.Nxa8 $6 Rxf4 19.Nc7 Nb6 20.Qd2 Qxd6 21.Qxd6 Bxd6 22.Nd5 Nfxd5 23.cxd5 c4 {when Black does not have any problems.} ) ( {However, the central reinforcement with:} 18.Qd2 $5 Rc8 19.Rad1 {made a lot of sense too.} ) 18...Rc8 {This also seems like an inaccuracy.} ( {Stronger was:} 18...Rb8 $5 {as in comparison to the line that occured in the game:} 19.g4 Bxg4 20.hxg4 Nxg4 21.Bd3 Nxh2 22.Bxe4 Nxf1 23.Qxf1 {The rook will not be hanging in the line:} 23...Nf6 24.Bf5 ( {True, White preserves the advantage after:} 24.Ng5 ) ) 19.g4 $1 {Now a forcing sequence follows.} 19...Bxg4 ( {There is no way back:} 19...Bg6 20.Bd3 {drops the exchange without any compensation.} ) ( {The other sacrifice:} 19...Nxg4 20.hxg4 Rxg4+ 21.Kh1 Rg6 {would not provide Black enough compensation after something solid like:} 22.Rf2 ) 20.hxg4 Nxg4 21.Bd3 Nxh2 22.Bxe4 ( {Of course not:} 22.Nxh2 $2 Rd4 ) ( {And even worse:} 22.Kxh2 $4 Bxd6+ ) 22...Nxf1 23.Qxf1 {"It was a comfortable situation for me. I had a lot of time, my position is kind of good and very safe."(Caruana) Furthermore, the American GM underlined the importance of the d5 outpost for his advantage.} 23...Bxd6 ( 23...Nf6 {"The only chance to fight." (Caruana) The point is to deprive the white pieces of the d5 outpost, or at least to make it harder for them to operate around it. Then he intended to proceed with:} 24.Re1 ( 24.Bf5 Rb8 ) 24...Qxd6 25.Nd5 {With the tactical point:} 25...Nxe4 26.Rxe4 Qg6+ 27.Qg2 Qxe4 $4 ( {Therefore Black must try the endgame after:} 27...Qxg2+ 28.Kxg2 {where the strongly cemented knight on d5 would spell trouble for Black.} ) 28.Nf6+ {(Caruana)} ) 24.Nd5 {It is amazing to see now how quickly White organizes a decisive attack.} 24...g6 ( {Against:} 24...Ne5 {White planned:} 25.Nxe5 Qg5+ 26.Qg2 Qxe5 27.Qh3 Qd4+ 28.Kf1 f5 29.Bxf5 Qxc4+ 30.Kg1 {winning.} ) ( 24...h6 {would not stop the attack after:} 25.Qh3 ) 25.Qh3 {The threat is Qxd7 followed by Nf6+, winning a piece.} 25...Kg7 ( {But there are some other forks there too, like this one:} 25...Ne5 26.Nxe5 Bxe5 27.Qxc8 Qxc8 28.Ne7+ {(Caruana)} ) 26.Kh1 Ne5 27.Nh4 $1 {"It all comes and all tactics are working in my favor." (Caruana)} 27...h5 ( {Since:} 27...f5 {would not close the files due to:} 28.Nxf5+ gxf5 29.Bxf5 ) 28.Rg1 Bf8 ( {White saw the beautiful line:} 28...Ng4 29.Nf5+ Kg8 30.Rxg4 hxg4 31.Qh6 Bf8 32.Nde7+ {Which forces Black to part with his queen:} 32...Qxe7 ( 32...Bxe7 33.Qg7# ) 33.Nxe7+ Bxe7 {(Caruana)} ) 29.Nf4 Ng4 30.Nxh5+ {The end is near.} 30...gxh5 31.Bf5 Be7 32.Bxg4 hxg4 33.Qxg4+ Bg5 34.Qh5 $1 ( 34.Qh5 {The most accurate move, after which mate is inevitable:} 34...f6 35.Nf5+ Kf8 36.Qh8+ Kf7 37.Qh7+ Ke6 38.Re1+ ) 1-0